[Event "AUTO-OPEN-290"]
[Site "http://www.queenalice.com/game.php?id=75452"]
[Date "2006.6.10"]
[Round "1"]
[White "Stingray"]
[Black "dalcheco"]
[Result "1-0"]
[WhiteElo "1812"]
[BlackElo "1610"]

1. e4 c6 2. d4 Nf6 3. Bd3 d6 4. Nf3 Bg4 5. O-O e5 6. c3 Nbd7 7. Bg5 h6 8. Bh4 g5
9. Bg3 Nh5 10. h3 Nxg3 11. fxg3 exd4 12. hxg4 dxc3 13. Nxc3 h5 14. Bc4 Nc5 15.
Qd4 f6 16. Nxg5 Qd7 17. Qxf6 Rh6 18. Qxf8# 1-0

[Event "AUTO-OPEN-292"]
[Site "http://www.queenalice.com/game.php?id=75887"]
[Date "2006.6.12"]
[Round "1"]
[White "dalcheco"]
[Black "davividal"]
[Result "1-0"]
[WhiteElo "1508"]
[BlackElo "1092"]

1. Nf3 Nf6 2. d4 g6 3. Bg5 Bg7 4. e3 O-O 5. Nc3 h6 6. Bh4 d5 7. h3 c6 8. Bd3 Nh7
9. Bg3 Nd7 10. Qe2 Re8 11. Nh4 Ndf8 12. e4 e6 13. e5 Qb6 14. O-O-O a5 15. Bxg6
Nxg6 16. Nxg6 fxg6 17. Qg4 1-0

[Event "AUTO-OPEN-292"]
[Site "http://www.queenalice.com/game.php?id=75888"]
[Date "2006.6.12"]
[Round "1"]
[White "davividal"]
[Black "dalcheco"]
[Result "0-1"]
[WhiteElo "1096"]
[BlackElo "1577"]

1. e4 Nf6 2. e5 Nd5 3. c4 Nf4 4. d4 Ne6 5. f4 h6 6. Nf3 c6 7. Be3 d6 8. Bd3 c5
9. d5 Nc7 10. Nc3 Bg4 11. O-O e6 12. h3 exd5 13. cxd5 dxe5 14. fxe5 Bh5 15. g4
Bg6 16. Bxg6 fxg6 0-1

[Event "AUTO-OPEN-292"]
[Site "http://www.queenalice.com/game.php?id=75889"]
[Date "2006.6.12"]
[Round "1"]
[White "dalcheco"]
[Black "Number9"]
[Result "0-1"]
[WhiteElo "1552"]
[BlackElo "1764"]

1. e4 e5 2. Nf3 Nc6 3. Bb5 a6 4. Ba4 Nf6 5. d3 d6 6. Be3 Bd7 7. O-O Be7 8. c4
O-O 9. Nc3 Ng4 10. Nd5 f5 11. h3 Nxe3 12. fxe3 fxe4 13. dxe4 Be6 14. Bc2 Qd7 15.
a3 Rf7 16. c5 dxc5 17. Nxe7+ Qxe7 18. Bb3 c4 19. Ba4 b5 20. Bc2 Rd8 21. Qe1 Rdf8
22. Rd1 Bxh3 23. Qg3 Bc8 24. b3 Be6 25. Nxe5 Rxf1+ 0-1

[Event "AUTO-OPEN-292"]
[Site "http://www.queenalice.com/game.php?id=75890"]
[Date "2006.6.12"]
[Round "1"]
[White "Number9"]
[Black "dalcheco"]
[Result "1-0"]
[WhiteElo "1888"]
[BlackElo "1508"]

1. e4 e5 2. Nf3 Nc6 3. Bb5 Bc5 4. c3 Nf6 5. d4 exd4 6. e5 Ne4 7. Qe2 Nxc3 8.
bxc3 dxc3 9. Nxc3 Nd4 10. Nxd4 Bxd4 11. Bb2 O-O 12. Ne4 Bb6 13. O-O c6 14. Bc4
Qe7 15. Nd6 Bc7 16. Qg4 g6 17. Nf5 Qc5 18. Qf4 gxf5 19. Qg5+ Kh8 20. e6+ f6 21.
Bxf6+ Rxf6 22. Qxf6+ Kg8 23. e7+ 1-0

[Event "AUTO-OPEN-292"]
[Site "http://www.queenalice.com/game.php?id=75891"]
[Date "2006.6.12"]
[Round "1"]
[White "dalcheco"]
[Black "kame_84"]
[Result "0-1"]
[WhiteElo "1758"]
[BlackElo "1643"]

1. Nc3 c5 2. d3 d6 3. e4 e5 4. Nd5 Nf6 5. Bg5 Be7 6. Bxf6 Bxf6 7. Ne2 b6 8. Nec3
Be6 9. g3 O-O 10. h4 Nc6 11. Bh3 Bxh3 12. Rxh3 Nd4 13. Nxf6+ Qxf6 14. Nd5 Qe6
15. Rh1 Rab8 16. c3 Nc6 17. d4 exd4 18. Nf4 Qc4 19. b3 Qxc3+ 20. Qd2 Qxa1+ 0-1

[Event "AUTO-OPEN-292"]
[Site "http://www.queenalice.com/game.php?id=75892"]
[Date "2006.6.12"]
[Round "1"]
[White "kame_84"]
[Black "dalcheco"]
[Result "1-0"]
[WhiteElo "1698"]
[BlackElo "1577"]

1. e4 c5 2. Nf3 d6 3. d4 cxd4 4. Nxd4 e5 5. Nf3 Bg4 6. Be2 Nf6 7. Nc3 Nc6 8. Be3
Nb4 9. Qd2 Bxf3 10. Bxf3 g6 11. O-O-O Qa5 12. a3 h5 13. h4 Ng4 14. axb4 Qa1+ 15.
Nb1 d5 16. Qxd5 Bxb4 17. Qd7+ Kf8 18. Qxb7 Kg7 19. Qxb4 Rab8 20. Qa3 Qxa3 21.
Nxa3 a5 22. Bxg4 hxg4 23. Nc4 Rb5 24. Rd5 Rb4 25. Nxe5 Rxe4 26. Bd4 Rc8 27. Nd7+
Kh6 28. h5 gxh5 29. Rd6+ Kg5 30. Be3+ 1-0

[Event "AUTO-MASTER-169"]
[Site "http://www.queenalice.com/game.php?id=79830"]
[Date "2006.6.24"]
[Round "1"]
[White "vincentlennon"]
[Black "dalcheco"]
[Result "1-0"]
[WhiteElo "1837"]
[BlackElo "1540"]

1. e4 c5 2. Nf3 d6 3. Bc4 e5 4. c3 Bg4 5. d3 h6 6. h3 Bh5 7. g4 Bg6 8. Be3 Qa5
9. Qb3 Qb6 10. Nbd2 Nc6 11. Nh4 Nge7 12. f4 Na5 13. Qa4+ Nec6 14. Bd5 Be7 15. b4
Bxh4+ 16. Ke2 O-O 17. bxa5 Nxa5 18. Rhb1 Qa6 19. Bxb7 Qxb7 20. Rxb7 Nxb7 21. Nf3
1-0

[Event "AUTO-MASTER-169"]
[Site "http://www.queenalice.com/game.php?id=79831"]
[Date "2006.6.24"]
[Round "1"]
[White "dalcheco"]
[Black "vincentlennon"]
[Result "0-1"]
[WhiteElo "1544"]
[BlackElo "1833"]

1. Nf3 Nc6 2. e4 e5 3. Bb5 d6 4. d4 Bd7 5. Bxc6 Bxc6 6. d5 Bb5 7. b3 Be7 8. c4
Bd7 9. O-O Nf6 10. Nc3 O-O 11. Nh4 Nxe4 12. Nxe4 Bxh4 13. g3 Be7 14. f4 Bh3 15.
Rf2 f5 16. Ng5 Bxg5 17. fxg5 Qe7 18. Qh5 Bg4 19. Qh4 e4 0-1

[Event "AUTO-MASTER-169"]
[Site "http://www.queenalice.com/game.php?id=79844"]
[Date "2006.6.24"]
[Round "1"]
[White "dalcheco"]
[Black "aesnihc"]
[Result "0-1"]
[WhiteElo "1484"]
[BlackElo "1858"]

1. e4 c5 2. Nf3 d6 3. d4 cxd4 4. Nxd4 Nf6 5. Bc4 e5 6. Nf3 Be7 7. Ng5 O-O 8. Nc3
h6 9. Nf3 Nc6 10. Nh4 Nxe4 11. Nxe4 Bxh4 12. g3 Be7 13. b3 Bf5 14. Bd5 Rc8 15.
Bb2 Nb4 16. c4 Qa5 17. Bc3 Bxe4 18. Bxe4 Qa3 0-1

[Event "AUTO-MASTER-169"]
[Site "http://www.queenalice.com/game.php?id=79845"]
[Date "2006.6.24"]
[Round "1"]
[White "aesnihc"]
[Black "dalcheco"]
[Result "1-0"]
[WhiteElo "1856"]
[BlackElo "1486"]

1. e4 g6 2. c3 Nf6 3. Qc2 e5 4. Nf3 Nc6 5. d4 d6 6. Bc4 exd4 7. cxd4 Bg7 8. Bg5
h6 9. Bh4 g5 10. Bg3 O-O 11. O-O Bg4 12. Nbd2 Re8 13. Rfe1 Nh5 14. Qb3 Na5 15.
Bxf7+ Kh8 16. Qd5 c6 17. Qxd6 1-0

[Event "AUTO-MASTER-169"]
[Site "http://www.queenalice.com/game.php?id=79847"]
[Date "2006.6.24"]
[Round "1"]
[White "Jsouza"]
[Black "dalcheco"]
[Result "0-1"]
[WhiteElo "1347"]
[BlackElo "1494"]

1. e4 c6 2. d4 Nf6 3. Nc3 Qa5 4. Bd3 e6 5. Nf3 d6 6. Bd2 Qh5 7. h3 e5 8. Qe2 Bg4
9. O-O-O Bxf3 10. gxf3 exd4 0-1

[Event "AUTO-OPEN-304"]
[Site "http://www.queenalice.com/game.php?id=79887"]
[Date "2006.6.25"]
[Round "1"]
[White "dalcheco"]
[Black "fromTheCoast"]
[Result "1-0"]
[WhiteElo "1524"]
[BlackElo "1155"]

1. e4 e5 2. Nf3 Be7 3. Bc4 Nf6 4. Nxe5 O-O 5. Qf3 d5 6. exd5 c5 7. d3 Ng4 8.
Nxg4 Bxg4 9. Qxg4 g5 10. d6 Qxd6 11. Nc3 h5 12. Qxh5 Qe5+ 13. Ne2 1-0

[Event "AUTO-OPEN-304"]
[Site "http://www.queenalice.com/game.php?id=79888"]
[Date "2006.6.25"]
[Round "1"]
[White "fromTheCoast"]
[Black "dalcheco"]
[Result "0-1"]
[WhiteElo "1153"]
[BlackElo "1526"]

1. e4 e5 2. g4 Bc5 3. Nf3 Nf6 4. Nxe5 Nxe4 5. Bc4 O-O 6. O-O Qh4 7. Qf3 Ng5 8.
Bxf7+ Nxf7 9. Nxf7 Rxf7 10. Qb3 Qxg4+ 11. Qg3 Qh5 12. d3 d6 13. c3 Rf3 0-1

[Event "AUTO-OPEN-304"]
[Site "http://www.queenalice.com/game.php?id=79889"]
[Date "2006.6.25"]
[Round "1"]
[White "dalcheco"]
[Black "claudiocaire"]
[Result "0-1"]
[WhiteElo "1510"]
[BlackElo "1467"]

1. e4 e5 2. Nf3 c6 3. Bc4 Qb6 4. Nxe5 Qc5 5. d4 Qd6 6. Nxf7 Qg6 7. Qf3 b5 8.
Nxh8 Qd6 9. Qf7+ Kd8 10. Qxg8 bxc4 11. Nf7+ Ke7 12. Nxd6 Kxd6 13. Qxf8+ Kc7 14.
Bf4+ Kb7 15. Qd8 Na6 16. d5 cxd5 17. Be3 Kc6 18. Bxa7 Rxa7 19. Qxc8+ Nc7 20.
exd5+ Kxd5 21. Qxd7+ Kc5 22. c3 Nb5 23. b4+ Kb6 0-1

[Event "AUTO-OPEN-304"]
[Site "http://www.queenalice.com/game.php?id=79890"]
[Date "2006.6.25"]
[Round "1"]
[White "claudiocaire"]
[Black "dalcheco"]
[Result "1-0"]
[WhiteElo "1490"]
[BlackElo "1506"]

1. c3 Nf6 2. Qb3 d5 3. d4 e6 4. e3 Ne4 5. f3 Qh4+ 6. g3 Nxg3 7. hxg3 Qxh1 8. Ne2
Qxf3 9. Ng1 e5 10. dxe5 Qxg3+ 11. Ke2 Bg4+ 12. Kd2 b6 13. Ne2 Bc5 14. Nxg3 O-O
15. Qa4 c6 16. Qxg4 g6 17. e4 Nd7 18. Qxd7 f5 19. exf5 gxf5 20. Nxf5 Rad8 21.
Qg7# 1-0

[Event "AUTO-MASTER-170"]
[Site "http://www.queenalice.com/game.php?id=80098"]
[Date "2006.6.25"]
[Round "1"]
[White "dalcheco"]
[Black "allexxxanddre"]
[Result "1-0"]
[WhiteElo "1540"]
[BlackElo "1377"]

1. d4 Nf6 2. Bg5 e6 3. e4 d6 4. Nf3 Be7 5. Nc3 O-O 6. e5 Nd5 7. Nxd5 exd5 8.
Bxe7 Qxe7 9. Qd2 Be6 10. O-O-O c5 11. exd6 Qxd6 12. dxc5 Qxc5 13. Ne5 1-0

[Event "AUTO-MASTER-170"]
[Site "http://www.queenalice.com/game.php?id=80099"]
[Date "2006.6.25"]
[Round "1"]
[White "allexxxanddre"]
[Black "dalcheco"]
[Result "0-1"]
[WhiteElo "1377"]
[BlackElo "1551"]

1. e4 e5 2. Nf3 Nc6 3. Bc4 Nf6 4. Ng5 Qe7 5. O-O Nd8 6. d4 h6 7. Bxf7+ Nxf7 8.
Nxf7 Qxf7 9. Nc3 Bb4 10. f3 d6 11. dxe5 dxe5 12. Nd5 Bc5+ 13. Kh1 Nxd5 0-1

[Event "AUTO-MASTER-170"]
[Site "http://www.queenalice.com/game.php?id=80100"]
[Date "2006.6.25"]
[Round "1"]
[White "dalcheco"]
[Black "razoman"]
[Result "0-1"]
[WhiteElo "1556"]
[BlackElo "1855"]

1. Nf3 c5 2. e4 a6 3. d4 cxd4 4. Nxd4 Nc6 5. Be3 d6 6. Bc4 e6 7. O-O Nf6 8. Nf3
Be7 9. Bd3 e5 10. Nc3 O-O 11. g3 Bh3 12. Re1 Ng4 13. Nd5 Nxe3 14. Nxe7+ Qxe7 15.
Rxe3 Bg4 16. Bc4 Nd4 17. b3 Nxf3+ 0-1

[Event "AUTO-MASTER-170"]
[Site "http://www.queenalice.com/game.php?id=80101"]
[Date "2006.6.25"]
[Round "1"]
[White "razoman"]
[Black "dalcheco"]
[Result "1-0"]
[WhiteElo "1851"]
[BlackElo "1560"]

1. e4 g6 2. e5 d6 3. f4 Bg7 4. d4 Bf5 5. Bd3 dxe5 6. dxe5 Nc6 7. g4 Bxd3 8. cxd3
f6 9. exf6 Nxf6 10. Nc3 Nd5 11. Bd2 Ncb4 12. Ke2 c6 13. Bc1 Qd6 14. Ne4 Nxf4+
15. Bxf4 Qxf4 16. Nf3 Nd5 17. Qd2 Qxg4 18. Rhg1 1-0